| 000 | 00794nam a2200241Ia 4500 | ||
|---|---|---|---|
| 003 | OSt | ||
| 005 | 20221005104638.0 | ||
| 006 | a|||||r|||| 00| 0 | ||
| 007 | ta | ||
| 008 | 221004b |||||||| |||| 00| 0 hin d | ||
| 024 | _a29793 | ||
| 037 | _cTextual | ||
| 040 |
_aCRL _cCRL _bhin |
||
| 041 |
_2hin _ahin |
||
| 082 | _aW, 152L8 | ||
| 100 | _aवर्मा, एस पी | ||
| 245 | 0 | _aआधुनिक राजनीतिक सिद्धांत | |
| 246 | _aĀdhunik rājanītik siddhāanta | ||
| 260 |
_aदिल्ली _bविकास पब्लिशिंग हाउस प्रा. लि. भारत _c1978 |
||
| 300 |
_a410पृ. _ccm. |
||
| 942 |
_hW, 152L8 _cTEXL _2cc |
||
| 999 |
_c1013364 _d1013364 |
||